<?xml version="1.0" encoding="UTF-8"?><?xml-stylesheet type="text/xsl" href="static/style.xsl"?><OAI-PMH xmlns="http://www.openarchives.org/OAI/2.0/" xmlns:xsi="http://www.w3.org/2001/XMLSchema-instance" xsi:schemaLocation="http://www.openarchives.org/OAI/2.0/ http://www.openarchives.org/OAI/2.0/OAI-PMH.xsd"><responseDate>2026-04-18T03:19:03Z</responseDate><request verb="GetRecord" identifier="oai:www.recercat.cat:10230/60541" metadataPrefix="marc">https://recercat.cat/oai/request</request><GetRecord><record><header><identifier>oai:recercat.cat:10230/60541</identifier><datestamp>2025-12-24T09:02:52Z</datestamp><setSpec>com_2072_6</setSpec><setSpec>col_2072_452952</setSpec></header><metadata><record xmlns="http://www.loc.gov/MARC21/slim" xmlns:dcterms="http://purl.org/dc/terms/" xmlns:xsi="http://www.w3.org/2001/XMLSchema-instance" xmlns:doc="http://www.lyncode.com/xoai" xsi:schemaLocation="http://www.loc.gov/MARC21/slim http://www.loc.gov/standards/marcxml/schema/MARC21slim.xsd">
   <leader>00925njm 22002777a 4500</leader>
   <datafield ind2=" " ind1=" " tag="042">
      <subfield code="a">dc</subfield>
   </datafield>
   <datafield ind2=" " ind1=" " tag="720">
      <subfield code="a">Janué i Miret, Marició</subfield>
      <subfield code="e">author</subfield>
   </datafield>
   <datafield ind2=" " ind1=" " tag="260">
      <subfield code="c">2024-06-20T07:06:45Z</subfield>
   </datafield>
   <datafield ind2=" " ind1=" " tag="260">
      <subfield code="c">2024-06-20T07:06:45Z</subfield>
   </datafield>
   <datafield ind2=" " ind1=" " tag="260">
      <subfield code="c">2020</subfield>
   </datafield>
   <datafield ind2=" " ind1=" " tag="520">
      <subfield code="a">Las representaciones del «carácter nacional» han desempeñado un papel importante en la diplomacia cultural europea contemporánea, asociándose al destino de los pueblos en Europa y en el mundo. Tras la derrota en la Primera Guerra Mundial, Alemania convirtió a España en objetivo prioritario de su política cultural exterior, a lo que acompañó un auge del hispanismo alemán. Hispanistas germanos destacados teorizaron sobre la esencia del carácter español y su significado en el contexto europeo. También durante el nacionalsocialismo, hispanistas alemanes prestigiosos examinaron el carácter de la nación española y la hispanidad, lo que plasmaron en monografías y artículos con pretensiones científicas, pero con voluntad de difusión pública e influencia política. El artículo analiza estas publicaciones preguntándose por los mecanismos empleados en su discurso para readaptar el carácter de la nación española a los intereses nacionalsocialistas.</subfield>
   </datafield>
   <datafield tag="653" ind2=" " ind1=" ">
      <subfield code="a">Diplomacia cultural</subfield>
   </datafield>
   <datafield tag="653" ind2=" " ind1=" ">
      <subfield code="a">Relaciones culturales hispano-alemanas</subfield>
   </datafield>
   <datafield tag="653" ind2=" " ind1=" ">
      <subfield code="a">Hispanistas alemanes</subfield>
   </datafield>
   <datafield tag="653" ind2=" " ind1=" ">
      <subfield code="a">Hispanidad</subfield>
   </datafield>
   <datafield tag="653" ind2=" " ind1=" ">
      <subfield code="a">Relaciones nacionalsocialismo-franquismo</subfield>
   </datafield>
   <datafield ind2="0" ind1="0" tag="245">
      <subfield code="a">«Carácter nacional» español y diplomacia cultural nacionalsocialista.</subfield>
   </datafield>
</record></metadata></record></GetRecord></OAI-PMH>